000
00309nam a2200133 4500
008
181031b xxu||||| |||| 00| 0 eng d
020
_a
9781416037620
041
_a
eng
080
_2
6th
_a
610.73
100
_a
2
101
_a
INF
245
_a
Medical-Surgical Nursing
_c
Ignatavicius,D,.D
942
_2
ddc
_c
BK
999
_c
51319
_d
51319